Statistiques concernant Les Top-Réponses [Géographie]

Cliquez ici pour prendre le quiz!

Statistiques générales

  • Ce quiz a été pris 761 fois
  • Le résultat moyen est 12 sur 25

Statistiques - réponses

Quiz%Top réponse% Correct
Pays les plus peuplés100%Chine
100%
Pays d'Europe les plus froids98%Russie - Norvège - Suède
92%
Capitales du monde96%Berlin - Paris
90%
Drapeaux du monde99%États-Unis
87%
Pays d'Afrique97%Algérie - Maroc
86%
Pays du monde98%France
86%
États des États-Unis95%Californie - Texas
78%
Les plus hautes montagnes du monde98%Everest
70%
Frontière du Kenya96%Éthiopie
54%
Grands lacs d'Afrique95%Lac Victoria
49%
Provinces du Canada88%Quebec
49%
Pays ayant la plus faible densité de population94%Russie
46%
Capitales les plus proches de Bangkok94%Pékin
44%
Les pays les plus dangereux pour les touristes américains93%Méxique
35%
Pays ayant le plus de grandes îles91%Indonésie
34%
Pays du Moyen-Orient96%Egypte
33%
Pays de la mer Caspienne91%Russie
32%
Pays les plus arides90%Algérie
25%
Villes hôtes des Jeux Olympiques d'Hiver85%Sotchi - Vancouver
18%
Les plus petits départements français86%Paris
16%
Département français90%Loire
8%
États et territoires australiens85%Tasmanie
8%
Pays sans rivière84%Vatican
6%
Villes de France (sur une carte)93%Ajaccio
4%
Région d'Espagne (sur une carte)87%Îles Canaries
3%

Distribution des résultats

Percentile par nombre de réponses

% des personnes avec chaque résultat

Votre développement - résultats

Vous n’avez pas pris ce quiz